Регионална библиотека "Любен Каравелов" - Русе

Проактивен подход за управление на рисковете от имиграционна криза (Запис номер 492590)

MARC детайли
000 -Лидер
Лидер 01985nam a2200361 a 4500
003 - Код на организацията, давaща контролен номер
Код на организацията, даваща контролен номер BLK
005 - Дата и час на последна редакция
Дата и час на последна редакция 20231012100329.0
008 - Елементи от данни с фиксирана дължина
Елементи с фиксирана дължина 230710b bu |||||r|||| 00| | bu d
020 ## - Международен стандартен номер на книга ISBN
ISBN 978-619-7143-08-9
040 ## - Източник на каталожния запис
Код на библиотеката BLK
041 ## - Код за език
Език Български
Език за КДБФ Български
080 ## - УДК
9 (RLIN) 234606
УДК текст Миграция. Колонизация. Вж и 316
УДК код 325
УДК – код + определител 325
080 ## - УДК
9 (RLIN) 229525
УДК текст Военна политика. Политика за отбрана на страната
УДК код 355.02
УДК – определител (497.2)
УДК – код + определител 355.02(497.2)
100 ## - Редна дума - Автор
R(LIN) 488243
Автор Атипова, Анелия Андреева
245 ## - Сведения за заглавието
Заглавие Проактивен подход за управление на рисковете от имиграционна криза
Подзаглавни данни монография
Авторска отговорност Анелия Атипова
260 ## - Област на издателските данни
9 (RLIN) 211145
Място на издаване София
Име на издателя Фонд. Нац. и междунар. сигурност
Година на издаване 2018
Печатница ([София] : Симолини 94)
300 ## - Физическа характеристика
Брой страници 238 с. : с ил.
Размер 24 см
380 ## - Жанр
Жанр Обществени науки
490 ## - СЕРИИ (Колекции)
9 (RLIN) 203208
Серия Библиотека Сигурност
ISSN на серия C623-6340
500 ## - Общи забележки
Обща забележка Загл. на кор.: Проактивен подход за управление на рискове от имиграционна криза. - Биогр. данни за авт. - Кн. е базата на защитен дисертационен труд. - Рез. на бълг., англ., рус. ез.
504 ## - Забележка за наличие на библиография и др
Библиография Библиогр.: с. 224-228
650 #0 - Допълнително описание по предмет – тема
9 (RLIN) 283922
Предметна рубрика Емиграция и имиграция
650 #0 - Допълнително описание по предмет – тема
9 (RLIN) 488244
Предметна рубрика Политически кризи - България
650 #0 - Допълнително описание по предмет – тема
9 (RLIN) 488245
Предметна рубрика Национална сигурност - управление на риска
650 #0 - Допълнително описание по предмет – тема
9 (RLIN) 263540
Предметна рубрика България - национална сигурност
653 ## - Ключова дума – ненормативна
9 (RLIN) 195600
Ключови думи рискове
653 ## - Ключова дума – ненормативна
9 (RLIN) 187564
Ключови думи имиграция
653 ## - Ключова дума – ненормативна
9 (RLIN) 184368
Ключови думи граничен контрол
852 ## - Местоположение
Сигнатура (форматна) Цб 318537
Отдел Хранилище
856 ## - Електронен адрес и достъп
Инструкция (цена за достъп) 0.00
Права за достъп disable
942 ## - АРТИКУЛИ
Източник на класификационната схема Universal Decimal Classification
Вид на библиотечния документ Книги
Скрит в OPAC Не
Koha issues (borrowed), all copies 1
944 ## - СЪЗДАВАНЕ И РЕДАКЦИЯ на ЗАПИСА
Създаване/Редакция Създаване
Дата на регистрацията/редакция 2023-07-10
Служител, извършил регистрацията/редакцията 30535
Номер на служител Христина Везирева
999 ## - СИСТЕМНИ КОНТРОЛНИ НОМЕРА
Koha biblionumber 492590
Koha biblioitemnumber 492590
Наличности
Код за отписване Код за изгубен артикул Източник на класификационната схема Код за повреда Коз за рестрикции Код за отдаване Артикулен № Име на библиотеката - собственик Име на библиотеката, в която се намира в момента Статус (Текущо местоположение) Дата на вписване в системата Местоположение - отдел Цена в лева Инвентарен номер Систематично азбучна сигнатура Баркод Цена в евро Служебен тип на артикула
  Не е изгубен Universal Decimal Classification Не е повреден само за читалня ползва се в читалня 930120 Регионална библиотека "Любен Каравелов" Русе Регионална библиотека "Любен Каравелов" Русе Хранилище 2023-07-14 Хранилище 12.00 120000889413 Цб 318537 120000889413 6.14 Книги
Vip Innovations Ltd, Rousse, Bulgaria 2025